Statistics for Newest UN Members

Click here to take the quiz!

General Stats

  • This quiz has been taken 177 times
  • The average score is 12 of 20

Answer Stats

DateCountry% Correct
Jul 14, 2011South Sudan
93%
Nov 1, 2000Serbia
89%
Jun 28, 2006Montenegro
89%
May 22, 1992Croatia
87%
May 22, 1992Bosnia & Herzegovina
87%
May 22, 1992Slovenia
82%
Apr 8, 1993Macedonia
80%
Sep 27, 2002East Timor
72%
Jan 19, 1993Slovakia
66%
Jan 19, 1993Czech Republic
57%
Dec 15, 1994Palau
54%
Sep 5, 2000Tuvalu
50%
Sep 14, 1999Nauru
49%
May 28, 1993Eritrea
46%
Sep 14, 1999Kiribati
45%
Sep 14, 1999Tonga
41%
Jul 31, 1992Georgia
38%
Sep 10, 2002Switzerland
37%
May 28, 1993Monaco
28%
Jul 28, 1993Andorra
28%

Score Distribution

Percentile by Number Answered

Percent of People with Each Score

Your Score History

You have not taken this quiz